000
00291nam a22001337a 4500
008
180314b xxu||||| |||| 00| 0 eng d
020
_a
9780136436775
041
_a
eng
080
_2
6 ed
_a
54
100
_a
12
101
_a
kim
245
_a
organic chemistry
_c
boyd.m
942
_2
udc
_c
BK
999
_c
45015
_d
45015